000 01215nam a2200277Ia 4500
999 _c5304
_d5304
003 OSt
005 20200515225636.0
008 191128s2006 ck a gr 000 0 spa d
020 _a958648453X
040 _aCO-JMCR
_cCO-JMCR
041 0 _aspa
082 0 4 _a330 /
_bC346i1
_223
100 1 _aCastaño Tamayo, Ramón Abel,
_eautor
_94445
245 1 0 _aIdeas económicas mínimas /
_cRamón Abel Castaño Tamayo ; con colaboración de Humberto González González
250 _aVigésimaprimera edición
260 _aBogotá :
_bEcoe,
_c2006
300 _axiii, 456 páginas :
_bilustraciones a blanco y negro ;
_c24 cm.
490 0 _aAdministración y economía
504 _aBibliográfia: páginas 453-456
505 0 _aNociones de estructura económica -- Las leyes del mercado -- El sistema económico
520 _aEsta edición actualizada de Ideas Económicas mínimas es un ameno y didáctico texto de introducción a la economía, y como tal trata, en forma muy completa aunque elemental, todos los temas relacionados con la materia.
650 1 4 _aEconomía
_94447
650 1 4 _aHistoria económica
_92303
700 1 _aGonzález González, Humberto,
_ecolaborador
_94448
942 _2ddc
_cBK